000 00965cab a2200349 4500
001 WB3417-37
008 090401t1998 xxu||||| |||| 00| 0 eng d
035 _a(Sirsi) u86108
041 _aeng
245 _aCentral and Eastern Europe
260 _c1998
350 _a0
490 _aFinancial Times
_v`Survey`, 8 May 1998, I-VI(5) (LOAN)
520 _aLooks at investing in central and eastern Europe. Covers Russia, Poland, Hungary, Ukraine, Czech Republic, and the Baltic countries.
650 _aBALTIC STATES
650 _aBONDS
650 _aCENTRAL EUROPE
650 _aCZECH REPUBLIC
650 _aEASTERN EUROPE
650 _aECONOMICS
650 _aEQUITIES
650 _aEUROPEAN UNION
650 _aFOREIGN DIRECT INVESTMENT
650 _aHUNGARY
650 _aPOLAND
650 _aPROPERTY MARKET
650 _aRUSSIA
650 _aUKRAINE
690 _aOVERSEAS-REST OF THE WORLD
942 _n0
948 _c08/05/1998
999 _c54173
_d54173